MARC details
| 000 -LEADER |
| fixed length control field |
00898nam a2200205 a 4500 |
| 008 - FIXED-LENGTH DATA ELEMENTS--GENERAL INFORMATION |
| fixed length control field |
140917s2003 ||||||||||||||||| || u |
| 020 ## - INTERNATIONAL STANDARD BOOK NUMBER |
| International Standard Book Number |
0028657578 |
| 050 ## - LIBRARY OF CONGRESS CALL NUMBER |
| Classification number |
613.8 CAR |
| 100 ## - MAIN ENTRY--PERSONAL NAME |
| Personal name |
Carson-DeWitt, Rosalyn |
| 245 10 - TITLE STATEMENT |
| Title |
Drugs, alcohol and tobacco: learning about addictive behavior (vol. 1) |
| Statement of responsibility, etc. |
Edited Rosalyn Carson-DeWitt |
| 260 ## - PUBLICATION, DISTRIBUTION, ETC. |
| Place of publication, distribution, etc. |
New York |
| Name of publisher, distributor, etc. |
Macmillan Reference Books |
| Date of publication, distribution, etc. |
2003 |
| 300 ## - PHYSICAL DESCRIPTION |
| Extent |
xv, 275p., ill |
| 650 ## - SUBJECT ADDED ENTRY--TOPICAL TERM |
| Topical term or geographic name entry element |
SUBSTANCE ABUSE--ENCYCLOPEDIAS--JUVENILE |
| 650 ## - SUBJECT ADDED ENTRY--TOPICAL TERM |
| Topical term or geographic name entry element |
DRUG ABUSE--ENCYCLOPEDIAS--JUVENILE |
| 650 ## - SUBJECT ADDED ENTRY--TOPICAL TERM |
| Topical term or geographic name entry element |
TOBACCO HABIT--ENCYCLOPEDIAS--JUVENILE |
| 650 ## - SUBJECT ADDED ENTRY--TOPICAL TERM |
| Topical term or geographic name entry element |
ALCOHOLISM--ENCYCLOPEDIAS--JUVENILE |
| 650 ## - SUBJECT ADDED ENTRY--TOPICAL TERM |
| Topical term or geographic name entry element |
COMPULSIVE BEHAVIOR--ENCYCLOPEDIAS--JUVENILE |
| 650 ## - SUBJECT ADDED ENTRY--TOPICAL TERM |
| Topical term or geographic name entry element |
TEENAGERS--SUBSTANCE ABUSE--ENCYCLOPEDIAS--JUVENILE |
| 995 ## - |
| -- |
AMERICAN CORNER |
| -- |
0106138 |
| -- |
CBU-DAG HAMMARSKJOLD INSTITUTE LIBRARY |
| -- |
613.8 CAR |
| -- |
1 |
| -- |
AVAILABLE |
| -- |
Sep 17, 2014 |
| -- |
0106138 |
| -- |
American Collection |
| 999 ## - |
| -- |
204 |
| -- |
204 |